[Event "FIDE World Blitz 2013"]
[Site "Khanty-Mansiysk RUS"]
[Date "2013.06.10"]
[Round "24.11"]
[White "Guseinov, Gadir"]
[Black "Khismatullin, Denis"]
[Result "0-1"]
[WhiteTitle "GM"]
[BlackTitle "GM"]
[WhiteElo "2631"]
[BlackElo "2658"]
[WhiteFideId "13401378"]
[BlackFideId "4142578"]
[EventDate "2013.06.09"]

1. e4 c5 2. Nf3 d6 3. d4 Nf6 4. Nc3 cxd4 5. Nxd4 a6 6. Bg5 Nbd7 7. Qe2 h6 8.
Bxf6 Nxf6 9. O-O-O Qc7 10. Nd5 Nxd5 11. exd5 g6 12. g3 Bg7 13. Bg2 O-O 14. Rhe1
Bd7 15. Kb1 Rac8 16. c3 Rfe8 17. h4 h5 18. Bf3 Qc4 19. Qe3 Qc5 20. Qg5 Qb6 21.
Ka1 Bf6 22. Qh6 Rc5 23. g4 Rec8 24. gxh5 Rxc3 25. bxc3 Rxc3 26. hxg6 Bg7 27.
Qh7+ Kf8 28. Re3 Rc2 29. Rb3 Bxd4+ 30. Kb1 Rb2+ 0-1

[Event "FIDE World Blitz 2013"]
[Site "Khanty-Mansiysk RUS"]
[Date "2013.06.10"]
[Round "24.14"]
[White "Cheparinov, Ivan"]
[Black "Zvjaginsev, Vadim"]
[Result "1-0"]
[WhiteTitle "GM"]
[BlackTitle "GM"]
[WhiteElo "2678"]
[BlackElo "2659"]
[WhiteFideId "2905540"]
[BlackFideId "4113403"]
[EventDate "2013.06.09"]

1. d4 e6 2. c4 Bb4+ 3. Bd2 Bxd2+ 4. Qxd2 Nf6 5. Nf3 O-O 6. g3 d5 7. Bg2 c6 8.
O-O Nbd7 9. Rc1 Qe7 10. Qf4 dxc4 11. Rxc4 Nd5 12. Qd2 Rd8 13. e4 N5b6 14. Rc1 e5
15. Rd1 exd4 16. Qxd4 Re8 17. Nc3 Nf8 18. h3 Be6 19. b3 Rad8 20. Qe3 Bc8 21. Nd4
g6 22. f4 Ne6 23. Nde2 Qc5 24. Kf2 Qxe3+ 25. Kxe3 Kf8 26. e5 Nc7 27. Ne4 Rxd1
28. Rxd1 Nbd5+ 29. Kf2 Rd8 30. Nf6 h6 31. Nc3 Be6 32. Bxd5 Nxd5 33. g4 Ke7 34.
Ncxd5+ Bxd5 35. Ke3 Ke6 36. h4 g5 37. Nxd5 cxd5 38. Kd4 gxf4 39. Rf1 Rc8 40.
Rxf4 Rc2 41. Rf6+ Ke7 42. Kxd5 Rg2 43. Rxh6 Rxg4 44. Rh7 Rg2 45. a4 Rd2+ 46. Kc4
Re2 47. Kd4 Rd2+ 48. Kc4 Re2 49. Kd4 Rd2+ 50. Kc3 Re2 51. Kd4 Rd2+ 52. Ke4 Rb2
53. Kf5 Rf2+ 54. Kg5 Rb2 55. h5 Rxb3 56. Rh8 b5 57. axb5 Rxb5 58. Kf5 Rb1 59.
Ra8 Rf1+ 60. Kg5 Rg1+ 61. Kf5 Rf1+ 62. Kg5 Rg1+ 63. Kh6 Ra1 64. Kg7 Rg1+ 65. Kh7
Rg5 66. Rxa7+ Ke6 67. Ra6+ Ke7 68. Ra7+ Ke6 69. h6 Rxe5 70. Kg7 Rg5+ 71. Kf8 f5
72. h7 Rh5 73. Kg7 Ke5 74. Ra6 Rxh7+ 75. Kxh7 f4 76. Kg6 f3 77. Kg5 f2 78. Rf6
Kd5 1-0

[Event "FIDE World Blitz 2013"]
[Site "Khanty-Mansiysk RUS"]
[Date "2013.06.10"]
[Round "24.15"]
[White "Artemiev, Vladislav"]
[Black "Riazantsev, Alexander"]
[Result "1-0"]
[WhiteTitle "IM"]
[BlackTitle "GM"]
[WhiteElo "2524"]
[BlackElo "2708"]
[WhiteFideId "24101605"]
[BlackFideId "4125029"]
[EventDate "2013.06.09"]

1. b3 d5 2. Bb2 Nf6 3. e3 g6 4. c4 Bg7 5. Nf3 O-O 6. Be2 c5 7. cxd5 Qxd5 8. Nc3
Qd8 9. O-O Nc6 10. Rc1 b6 11. d4 cxd4 12. Nb5 Bb7 13. Nfxd4 Nxd4 14. Qxd4 a6 15.
Nc7 Rb8 16. Bxa6 Bxa6 17. Nxa6 Ra8 18. Nb4 Qxd4 19. Bxd4 Ne4 20. Rfd1 b5 21. f3
Bxd4 22. Rxd4 Nd6 23. e4 Rfc8 24. Rdd1 f6 25. Kf2 Kf7 26. Ke3 g5 27. Kd2 g4 28.
Ke3 h5 29. Kf4 gxf3 30. gxf3 Ke6 31. Nd5 Ne8 32. Rxc8 Rxc8 33. a4 bxa4 34. bxa4
Rc2 35. Ra1 Rxh2 36. a5 Kd6 37. a6 Ng7 38. a7 Ne6+ 39. Kg3 1-0

[Event "FIDE World Blitz 2013"]
[Site "Khanty-Mansiysk RUS"]
[Date "2013.06.10"]
[Round "24.16"]
[White "Vitiugov, Nikita"]
[Black "Rakhmanov, Aleksandr"]
[Result "1-0"]
[WhiteTitle "GM"]
[BlackTitle "GM"]
[WhiteElo "2734"]
[BlackElo "2602"]
[WhiteFideId "4152956"]
[BlackFideId "4173708"]
[EventDate "2013.06.09"]

1. d4 e6 2. c4 Bb4+ 3. Bd2 Bxd2+ 4. Qxd2 Nf6 5. Nf3 O-O 6. Nc3 d5 7. Qf4 a6 8.
e3 Nbd7 9. Rd1 c5 10. cxd5 exd5 11. Bd3 c4 12. Bb1 b5 13. a3 Re8 14. g4 Bb7 15.
g5 Ne4 16. Rg1 Nf8 17. Ne5 Nd6 18. Rg3 Ng6 19. Bxg6 fxg6 20. h4 Rf8 21. Qg4 Bc8
22. Qe2 Nf5 23. Rg4 Rb8 24. Nc6 Qc7 25. Nxb8 Qxb8 26. Nxd5 Bb7 27. Nf4 Nd6 28.
d5 Bc8 29. Ne6 Re8 30. Qf3 Qa7 31. Rf4 Qe7 32. h5 gxh5 33. Qxh5 g6 34. Qh6 Nf5
35. Rxf5 gxf5 36. Nf4 Qg7 37. Qxg7+ Kxg7 38. Kd2 Kf7 39. Rh1 Kg7 40. Kc3 Bd7 41.
Rh6 a5 42. Ra6 b4+ 43. axb4 axb4+ 44. Kxb4 Rb8+ 45. Kc3 Rb3+ 46. Kc2 Rb7 47. Kc3
Rb3+ 48. Kxc4 Rb7 49. Kd4 Kf8 50. Ke5 Rxb2 51. Ra7 Ke8 52. Kf6 Kd8 53. Ne6+ 1-0

[Event "FIDE World Blitz 2013"]
[Site "Khanty-Mansiysk RUS"]
[Date "2013.06.10"]
[Round "24.17"]
[White "Vasquez Schroeder, Rodrigo"]
[Black "Moiseenko, Alexander"]
[Result "1-0"]
[WhiteTitle "GM"]
[BlackTitle "GM"]
[WhiteElo "2542"]
[BlackElo "2711"]
[WhiteFideId "3400042"]
[BlackFideId "14102560"]
[EventDate "2013.06.09"]

1. e4 c5 2. Nf3 Nc6 3. Bb5 e6 4. Bxc6 bxc6 5. b3 f6 6. O-O Nh6 7. e5 Nf7 8. Bb2
Be7 9. Na3 O-O 10. Nc4 Ba6 11. d3 Bxc4 12. dxc4 fxe5 13. Nxe5 Nxe5 14. Bxe5 d6
15. Bc3 e5 16. Qg4 Qc8 17. Qe2 Bg5 18. Rad1 Qe6 19. Qe4 Rac8 20. g3 Rfe8 21.
Rfe1 Bf6 22. Rd3 Qd7 23. Red1 Re6 24. Kg2 Rd8 25. a4 Qc7 26. f4 Ree8 27. fxe5
dxe5 28. Rxd8 Bxd8 29. Qf5 Bf6 30. Qd7 Re7 31. Qxc7 Rxc7 32. Kf2 Kf7 33. Ke3 Ke6
34. Ke4 Rc8 35. Ba5 h5 36. h3 Rh8 37. Bc7 Rc8 38. Ba5 Rh8 39. Be1 Rc8 40. Bf2
Be7 41. Be3 Rf8 42. Rg1 a6 43. g4 hxg4 44. Rxg4 g5 45. Bxg5 Bxg5 46. Rxg5 Rf4+
47. Ke3 Rh4 48. Rg6+ Kf5 49. Rxc6 Rxh3+ 50. Kd2 e4 51. Rxc5+ Kf4 52. Rc8 Rh2+
53. Kc3 e3 54. Re8 Kf3 55. c5 Rh5 56. Kd4 e2 57. c6 Rh8 58. Re6 Rh6 59. Rxe2
Kxe2 60. Kc5 Kd2 61. c7 Rh8 62. b4 Kc3 63. b5 axb5 64. axb5 Rh5+ 65. Kc6 Rh6+
66. Kb7 Rh7 67. Kb8 1-0

[Event "FIDE World Blitz 2013"]
[Site "Khanty-Mansiysk RUS"]
[Date "2013.06.10"]
[Round "24.19"]
[White "Frolyanov, Dmitry"]
[Black "Ghaem Maghami, Ehsan"]
[Result "0-1"]
[WhiteTitle "GM"]
[BlackTitle "GM"]
[WhiteElo "2570"]
[BlackElo "2554"]
[WhiteFideId "4151976"]
[BlackFideId "12500739"]
[EventDate "2013.06.09"]

1. e4 c5 2. Nf3 d6 3. d4 cxd4 4. Nxd4 a6 5. g3 Nf6 6. Bg2 e5 7. Ne2 Be6 8. O-O
Be7 9. h3 O-O 10. Nbc3 b5 11. a4 b4 12. Nd5 Nxd5 13. exd5 Bf5 14. f4 exf4 15.
Nxf4 Qc7 16. Nd3 Bg6 17. Be3 a5 18. Qd2 Nd7 19. Rf2 Bf6 20. Nf4 Bxb2 21. Raf1
Rac8 22. Nxg6 hxg6 23. Kh2 Bc3 24. Qe2 Be5 25. Bg5 Nb6 26. Bf4 Bxf4 27. Rxf4
Qxc2 28. Qg4 b3 29. R1f2 Qc3 30. R4f3 Qc4 31. Rf4 Qc3 32. R4f3 Qc4 33. Rf4 Qc5
34. Qf3 b2 35. Rxb2 Nc4 36. Rf2 Ne5 37. Qe2 Qc3 38. Rf1 Qb3 39. Qa6 Rc2 40. Qxd6
Qb2 41. Rg1 Re2 42. Kh1 Rc8 43. Re4 Rxe4 44. Bxe4 Qd4 45. Bg2 Rc2 46. g4 Kh7 47.
Qd8 f6 48. d6 Qf4 49. Qa8 Rd2 50. Qe4 Qxe4 51. Bxe4 Rxd6 52. Rb1 Rd4 53. Bc2 Rd2
54. Be4 Re2 55. Bg2 Ra2 56. g5 Rxa4 57. gxf6 gxf6 58. Kh2 Kh6 59. Kg3 Ra3+ 60.
Kf4 Ra4+ 61. Kg3 Ra3+ 62. Kf4 Ra2 63. Kg3 a4 64. Rb6 f5 65. Bd5 Rd2 66. Bg8 Rd8
67. Ba2 Rd4 68. Rb7 f4+ 69. Kf2 Rd2+ 0-1

[Event "FIDE World Blitz 2013"]
[Site "Khanty-Mansiysk RUS"]
[Date "2013.06.10"]
[Round "24.20"]
[White "Khairullin, Ildar"]
[Black "Kurnosov, Igor"]
[Result "1/2-1/2"]
[WhiteTitle "GM"]
[BlackTitle "GM"]
[WhiteElo "2658"]
[BlackElo "2657"]
[WhiteFideId "4151348"]
[BlackFideId "4142527"]
[EventDate "2013.06.09"]

1. b3 e5 2. Bb2 d6 3. e4 Nc6 4. Bb5 Nf6 5. d3 g6 6. Ne2 Bg7 7. Bxc6+ bxc6 8. O-O
O-O 9. f4 exf4 10. Nxf4 d5 11. Nd2 dxe4 12. Nxe4 Nxe4 13. Bxg7 Kxg7 14. dxe4
Qxd1 15. Raxd1 Re8 16. Rfe1 a5 17. Rd4 a4 18. Rc4 Ra6 19. bxa4 Be6 20. Nxe6+
Rxe6 21. Rb1 Re5 22. Rb7 Rea5 23. Rxc7 Rxa4 24. Rxa4 Rxa4 25. e5 Rxa2 26. Rxc6
Ra4 27. e6 f5 28. Rc7+ Kf6 29. Rxh7 Kxe6 30. Rg7 Kf6 31. Rc7 Rd4 32. Kf2 Rd2+
33. Kf3 g5 34. h3 Ke5 35. Rc5+ Ke6 36. g4 fxg4+ 37. hxg4 Kd6 38. Rxg5 Rxc2 39.
Ra5 Ke6 40. Kf4 Kf6 41. Ra6+ Kg7 42. Kg5 Rc8 43. Ra7+ Kg8 44. Kh6 Rd8 45. g5 Rc8 1/2-1/2

[Event "FIDE World Blitz 2013"]
[Site "Khanty-Mansiysk RUS"]
[Date "2013.06.10"]
[Round "24.21"]
[White "Georgiev, Kiril"]
[Black "Pridorozhni, Aleksei"]
[Result "0-1"]
[WhiteTitle "GM"]
[BlackTitle "GM"]
[WhiteElo "2636"]
[BlackElo "2512"]
[WhiteFideId "2900017"]
[BlackFideId "4127870"]
[EventDate "2013.06.09"]

1. d4 d6 2. Nf3 Bg4 3. c4 Nd7 4. Nc3 Ngf6 5. e4 e5 6. Be2 Be7 7. Be3 O-O 8. O-O
c6 9. d5 Qa5 10. a3 Rfc8 11. b4 Qd8 12. Rc1 cxd5 13. cxd5 a6 14. h3 Bh5 15. Nd2
Bg6 16. Qb3 b5 17. Bd3 Nh5 18. Nf3 Bf6 19. a4 bxa4 20. Nxa4 Rxc1 21. Rxc1 Nf4
22. Bb1 Ne2+ 23. Kh2 Nxc1 24. Bxc1 Rb8 25. Be3 Qa5 26. Bd2 Nc5 27. Nxc5 dxc5 28.
Bd3 cxb4 29. Qc4 Qb6 30. Be3 Qb7 31. Nd2 b3 32. d6 b2 33. Qa2 Qc6 34. Nc4 Bxe4
35. Nxb2 Bxd3 36. Nxd3 Qxd6 37. Nc5 Ra8 38. Ne4 Qd8 39. Qa4 a5 40. g3 Be7 41.
Nc3 Bb4 42. Ne4 Qe8 0-1

[Event "FIDE World Blitz 2013"]
[Site "Khanty-Mansiysk RUS"]
[Date "2013.06.10"]
[Round "24.22"]
[White "Potkin, Vladimir"]
[Black "Salem, A.R. Saleh"]
[Result "1-0"]
[WhiteTitle "GM"]
[BlackTitle "GM"]
[WhiteElo "2647"]
[BlackElo "2531"]
[WhiteFideId "4131061"]
[BlackFideId "9301348"]
[EventDate "2013.06.09"]

1. d4 Nf6 2. Nf3 g6 3. c4 Bg7 4. Nc3 d5 5. cxd5 Nxd5 6. g3 O-O 7. Bg2 Nxc3 8.
bxc3 c5 9. O-O Nc6 10. Rb1 cxd4 11. cxd4 Nxd4 12. Nxd4 Qxd4 13. Bg5 Qe5 14. Qd2
Re8 15. Rfd1 Bf5 16. Rxb7 Be4 17. Bxe4 Qxe4 18. Rdb1 Rad8 19. Qe3 Rd1+ 20. Rxd1
Qxb7 21. Qf3 Qb5 22. h4 h6 23. Be3 e6 24. Kg2 Qa4 25. Rd2 Rb8 26. Qf4 Qc6+ 27.
Qf3 Qa4 28. Bf4 Rc8 29. Qb7 Qc6+ 30. Qxc6 Rxc6 31. Rd8+ Kh7 32. Rd7 g5 33. hxg5
hxg5 34. Bxg5 Kg6 35. Be3 a6 36. Ra7 Bc3 37. f4 Bb4 38. Kf3 Rc3 39. Rd7 Ra3 40.
g4 Rxa2 41. Bd4 Ra3+ 42. Ke4 f5+ 43. gxf5+ exf5+ 44. Kd5 Bf8 45. Rd8 Bh6 46.
Rd6+ Kh5 47. e3 Ra4 48. Rf6 Ra5+ 49. Ke6 Bg7 50. Rxf5+ Rxf5 51. Kxf5 Bf8 52. e4
a5 53. e5 a4 54. Kf6 Kg4 55. f5 a3 56. e6 Bh6 57. Kg6 Bc1 58. e7 Bb2 59. e8=Q 1-0

[Event "FIDE World Blitz 2013"]
[Site "Khanty-Mansiysk RUS"]
[Date "2013.06.10"]
[Round "24.23"]
[White "Bezgodov, Alexei"]
[Black "Gundavaa, Bayarsaikhan"]
[Result "0-1"]
[WhiteTitle "GM"]
[BlackTitle "GM"]
[WhiteElo "2482"]
[BlackElo "2516"]
[WhiteFideId "4105257"]
[BlackFideId "4901045"]
[EventDate "2013.06.09"]

1. e4 c5 2. a3 Nc6 3. b4 cxb4 4. axb4 Nxb4 5. d4 g6 6. c3 Na6 7. Bc4 Bg7 8. Qf3
e6 9. e5 Nc7 10. Nd2 d5 11. exd6 Qxd6 12. Ne4 Qc6 13. Bf4 Ne7 14. Nd6+ Kf8 15.
Qxc6 Nxc6 16. Nxf7 Kxf7 17. Bxc7 Bd7 18. Nf3 Rhc8 19. Bd6 Nxd4 20. cxd4 Rxc4 21.
O-O h6 22. h4 Bc6 23. Ne5+ Bxe5 24. Bxe5 a5 25. Ra3 b5 26. h5 gxh5 27. Rh3 Rg8
28. f3 Rc2 29. Rf2 Rxf2 30. Kxf2 b4 31. Rxh5 Kg6 32. g4 Rf8 33. f4 a4 34. Ke3 a3
35. Bd6 a2 36. Bxf8 a1=Q 0-1

[Event "FIDE World Blitz 2013"]
[Site "Khanty-Mansiysk RUS"]
[Date "2013.06.10"]
[Round "24.24"]
[White "Ram, S. Krishnan"]
[Black "Kobalia, Mikhail"]
[Result "1-0"]
[BlackTitle "GM"]
[WhiteElo "2248"]
[BlackElo "2651"]
[WhiteFideId "5010519"]
[BlackFideId "4119150"]
[EventDate "2013.06.09"]

1. d4 d5 2. Nf3 Nf6 3. c4 c6 4. Nc3 a6 5. c5 Nbd7 6. Bf4 Nh5 7. Bc1 Nhf6 8. Bf4
Nh5 9. Bc1 g6 10. g4 Ng7 11. h3 Ne6 12. e4 dxe4 13. Nxe4 Bg7 14. Be3 O-O 15. Bc4
Nc7 16. Qd2 Nd5 17. Bh6 f5 18. Bxg7 Kxg7 19. Neg5 N7f6 20. gxf5 Bxf5 21. Nh4 Qd7
22. O-O-O h6 23. Ngf3 Ne4 24. Qe1 g5 25. Ne5 Qe6 26. Rg1 Bh7 27. f3 Nef6 28. f4
Ne4 29. fxg5 hxg5 30. Nhf3 Qh6 31. Bd3 Rf4 32. Kb1 Ndf6 33. h4 g4 34. Nh2 Nf2
35. Nhxg4 N6xg4 36. Nxg4 Nxg4 1-0

[Event "FIDE World Blitz 2013"]
[Site "Khanty-Mansiysk RUS"]
[Date "2013.06.10"]
[Round "24.25"]
[White "Popov, Ivan RUS"]
[Black "Gordievsky, Dmitry"]
[Result "1-0"]
[WhiteTitle "GM"]
[BlackTitle "FM"]
[WhiteElo "2632"]
[BlackElo "2474"]
[WhiteFideId "4170350"]
[BlackFideId "24112798"]
[EventDate "2013.06.09"]

1. e4 e6 2. d4 d5 3. Nc3 Nf6 4. e5 Nfd7 5. Qg4 c5 6. Nb5 Nc6 7. Nf3 a6 8. Nd6+
Bxd6 9. Qxg7 Rf8 10. exd6 cxd4 11. Nxd4 Nxd4 12. Qxd4 Rg8 13. Be3 b5 14. O-O-O
Bb7 15. f4 Rc8 16. Bd3 Nf6 17. f5 Kd7 18. fxe6+ fxe6 19. Rhf1 Ne4 1-0

[Event "FIDE World Blitz 2013"]
[Site "Khanty-Mansiysk RUS"]
[Date "2013.06.10"]
[Round "24.26"]
[White "Kabanov, Nikolai"]
[Black "Lagno, Kateryna"]
[Result "0-1"]
[WhiteTitle "GM"]
[BlackTitle "GM"]
[WhiteElo "2472"]
[BlackElo "2542"]
[WhiteFideId "4127820"]
[BlackFideId "14109336"]
[EventDate "2013.06.09"]

1. e4 d6 2. d4 g6 3. Be3 Bg7 4. Qd2 Nd7 5. c4 c5 6. d5 b5 7. cxb5 a6 8. Nc3 axb5
9. Bxb5 Ba6 10. Nge2 Nf6 11. Bxa6 Rxa6 12. O-O O-O 13. Bh6 Qb6 14. Bxg7 Kxg7 15.
b3 Qb4 16. Qc2 c4 17. bxc4 Qxc4 18. Rab1 Nc5 19. f3 Na4 20. Qd2 Nxc3 21. Nxc3
Qc5+ 22. Kh1 Rfa8 23. a4 Qa3 24. Qd4 Rc8 25. Rfc1 Ra5 26. Ra1 Qb2 27. Ne2 Rxc1+
28. Rxc1 Qxe2 29. Ra1 Qc2 30. h3 h5 31. Qb4 Qc7 32. Qd4 h4 33. f4 Qc5 34. Qb2
Kh7 35. Qe2 Qd4 36. Rd1 Qxe4 0-1

[Event "FIDE World Blitz 2013"]
[Site "Khanty-Mansiysk RUS"]
[Date "2013.06.10"]
[Round "24.27"]
[White "Nadanian, Ashot"]
[Black "Al-Sayed, Mohammed"]
[Result "1/2-1/2"]
[WhiteTitle "IM"]
[BlackTitle "GM"]
[WhiteElo "2428"]
[BlackElo "2498"]
[WhiteFideId "13300393"]
[BlackFideId "12100196"]
[EventDate "2013.06.09"]

1. e4 c5 2. d3 Nc6 3. g3 g6 4. Bg2 Bg7 5. f4 d6 6. Nf3 e6 7. O-O Nge7 8. c3 O-O
9. Be3 b6 10. Na3 Rb8 11. Nc2 f5 12. exf5 exf5 13. Bf2 h6 14. Re1 Kh7 15. d4 Ng8
16. Nh4 Nce7 17. d5 b5 18. Rb1 a5 19. Re2 b4 20. c4 b3 21. axb3 Rxb3 22. Nd4 Rb4
23. Ne6 Bxe6 24. Rxe6 Rxc4 25. Qe2 Rb4 26. Be1 Rb3 27. Qc2 a4 28. Qc4 Qb6 29.
Qxa4 Rxb2 30. Rxb2 Qxb2 31. Bf2 Bd4 32. Bxd4 cxd4 33. Nf3 Rc8 34. h4 Rc2 35. Bf1
Qc3 36. Qd7 Kh8 37. Rxe7 Nxe7 38. Qxe7 Qe3+ 39. Qxe3 dxe3 40. Nd4 Rd2 41. Ne2
Rxd5 42. Kg2 Rd1 43. Nc3 Rc1 44. Ne2 Ra1 45. h5 g5 46. fxg5 hxg5 47. Nd4 f4 48.
gxf4 gxf4 49. Be2 Ra4 50. Nf5 d5 51. Kf3 Kh7 52. Bd3 Kh8 53. Ne7 Rd4 54. Bf5 Rd2
55. h6 Rf2+ 56. Kg4 e2 57. Ng6+ Kg8 58. h7+ Kxh7 59. Nxf4+ Kh6 60. Nd3 Rf1 61.
Be6 d4 62. Bc4 Kg6 63. Ne5+ Kf6 64. Bxe2 Re1 65. Nd7+ Ke7 66. Bb5 Rb1 67. Ba4
Rb4 68. Nc5 Kd6 69. Ne4+ Ke5 70. Bc2 Rb2 71. Bd3 Rb3 72. Nf2 Rb8 73. Kf3 Re8 74.
Ng4+ Kd6 75. Kf4 Kc5 76. Nf6 Re3 77. Ne4+ Kb4 78. Nf2 Kc3 79. Bg6 Re6 80. Bf5
Re8 81. Ne4+ Kb2 82. Nd6 Rd8 83. Nf7 Re8 84. Nd6 Re1 85. Nc4+ Kc3 86. Ne5 Rf1+
87. Ke4 Re1+ 88. Kd5 1/2-1/2

[Event "FIDE World Blitz 2013"]
[Site "Khanty-Mansiysk RUS"]
[Date "2013.06.10"]
[Round "24.28"]
[White "Sibriaev, Aleksandr"]
[Black "Skatchkov, Pavel"]
[Result "0-1"]
[WhiteTitle "FM"]
[BlackTitle "GM"]
[WhiteElo "2239"]
[BlackElo "2486"]
[WhiteFideId "4116070"]
[BlackFideId "4121848"]
[EventDate "2013.06.09"]

1. Nc3 d5 2. e4 d4 3. Nce2 e5 4. Ng3 Nc6 5. Nf3 h5 6. h4 Nf6 7. Bb5 Bd6 8. d3
Bg4 9. Bg5 Qd7 10. Qe2 Nh7 11. Bd2 Nf8 12. O-O-O Ne6 13. Kb1 a6 14. Bc4 O-O-O
15. Nf5 Bb4 16. a3 Bf8 17. Rc1 g6 18. Ng3 f6 19. Qe1 Nc5 20. Nh2 Be6 21. Bxe6
Qxe6 22. Nf3 Kb8 23. Ne2 Na7 24. Bb4 Nb5 25. Bxc5 Bxc5 26. Qa5 Rd6 27. Nd2 Bb6
28. Qb4 Qg4 29. Ng3 Rc6 30. Nc4 Bc5 31. Qb3 Nd6 32. Nxd6 Bxd6 33. Ka2 Rb6 34.
Qf7 Rf8 35. Qd5 Rd8 36. Qf7 Rf8 37. Qd5 Qd7 38. c4 c6 39. Qa5 Bc7 40. Qd2 c5 41.
Qh6 Rc8 42. b3 a5 43. a4 Qe8 44. Ne2 Bd6 45. Qd2 Rb4 46. f3 Rc6 47. g4 Rcb6 48.
Rb1 Rxa4+ 49. Kb2 Rab4 50. Kc2 a4 51. Nc1 axb3+ 52. Kd1 b2 53. Ne2 Qa4+ 54. Ke1
Rb3 55. Kf2 Qa3 56. Rhd1 Be7 57. gxh5 gxh5 58. Ng3 Rc3 59. Nxh5 Qb3 60. Ng3 Rc2
61. h5 Rxd2+ 62. Rxd2 Bf8 63. Nf5 Qc3 64. Ke2 Qc1 65. Rd1 Qc2+ 66. Ke1 Rb3 67.
h6 Bxh6 68. Nxh6 Rxd3 69. Rxd3 Qxb1+ 0-1

[Event "FIDE World Blitz 2013"]
[Site "Khanty-Mansiysk RUS"]
[Date "2013.06.10"]
[Round "24.29"]
[White "Cherniaev, Alexander"]
[Black "Akbaev, Kazbek"]
[Result "1-0"]
[WhiteTitle "GM"]
[BlackTitle "IM"]
[WhiteElo "2447"]
[BlackElo "2475"]
[WhiteFideId "4117301"]
[BlackFideId "4131045"]
[EventDate "2013.06.09"]

1. e4 e6 2. f4 d5 3. e5 f5 4. Nf3 c5 5. c3 Nh6 6. d4 Nc6 7. h3 Be7 8. Be3 Qb6 9.
Qd2 c4 10. Be2 a5 11. Na3 a4 12. O-O O-O 13. Kh2 Bd7 14. Rg1 Be8 15. Ng5 Bxg5
16. fxg5 Nf7 17. g4 g6 18. h4 Ne7 19. h5 fxg4 20. Bxg4 Nf5 21. Bxf5 exf5 22. Bf4
Nd8 23. hxg6 Qxg6 24. Rg3 Ne6 25. Rag1 Kf7 26. Rh3 Ke7 27. Rh6 Qg7 28. Nc2 Rd8
29. Rf6 Kd7 30. Nb4 Rxf6 31. exf6 Qf7 32. Rg3 Qh5+ 33. Rh3 Qg4 34. Nxd5 Kc8 1-0

[Event "FIDE World Blitz 2013"]
[Site "Khanty-Mansiysk RUS"]
[Date "2013.06.10"]
[Round "24.30"]
[White "Potapov, Pavel"]
[Black "Byambaa, Zulzaga"]
[Result "1-0"]
[WhiteTitle "IM"]
[BlackTitle "FM"]
[WhiteElo "2460"]
[BlackElo "2285"]
[WhiteFideId "4169786"]
[BlackFideId "4900642"]
[EventDate "2013.06.09"]

1. e4 d6 2. d4 Nf6 3. Nc3 g6 4. Be3 c6 5. Qd2 b5 6. Bd3 Nbd7 7. Nf3 e5 8. O-O a6
9. a4 Rb8 10. axb5 cxb5 11. Rfd1 Qc7 12. Bh6 Bb7 13. Bxf8 Kxf8 14. Qh6+ Ke7 15.
Re1 Rbe8 16. Nd5+ Nxd5 17. exd5 f6 18. dxe5 dxe5 19. Rad1 Kd6 20. Nd2 Qb6 21.
Ne4+ Kc7 22. Qg7 Reg8 23. Qf7 Rf8 24. Qg7 Rfg8 25. Qe7 Re8 26. Qb4 Kb8 27. Nd6
Ref8 28. Nxb7 Kxb7 29. d6 Qc5 30. Be4+ Kb6 31. Qb3 Qc4 32. Qe3+ Qc5 33. Qh6 f5
34. Qg7 Nf6 35. Bf3 e4 36. Be2 Rhg8 37. Qe7 1-0

[Event "FIDE World Blitz 2013"]
[Site "Khanty-Mansiysk RUS"]
[Date "2013.06.10"]
[Round "25.5"]
[White "Nguyen, Ngoc Truong Son"]
[Black "Khismatullin, Denis"]
[Result "1/2-1/2"]
[WhiteTitle "GM"]
[BlackTitle "GM"]
[WhiteElo "2625"]
[BlackElo "2658"]
[WhiteFideId "12401110"]
[BlackFideId "4142578"]
[EventDate "2013.06.09"]

1. d4 Nf6 2. c4 e6 3. Nc3 Bb4 4. e3 O-O 5. Ne2 Re8 6. a3 Bf8 7. g3 d5 8. cxd5
exd5 9. Bg2 c6 10. O-O a5 11. b3 Nbd7 12. Kh1 b6 13. f3 Bb7 14. e4 dxe4 15. fxe4
c5 16. d5 Ng4 17. Nf4 Nge5 18. Bb2 g6 19. Rf2 Bg7 20. Nb5 Ba6 21. Nd6 Rf8 22.
Rc1 b5 23. a4 bxa4 24. bxa4 Qb6 25. Nb5 Bxb5 26. axb5 Qxb5 27. Ba3 Rfb8 28. Rb2
Qa6 29. Bf1 Qd6 30. Rxb8+ Rxb8 31. Qa4 Ng4 32. Bb5 Nge5 33. Bxd7 Qxd7 34. Qxa5
Qg4 35. Rf1 c4 36. Bd6 Re8 37. Qa4 Qd7 38. Qxd7 Nxd7 39. Re1 c3 40. Kg2 c2 41.
Rc1 Rc8 42. Nd3 Rc3 43. Nb4 Be5 44. Bxe5 Nxe5 45. Rxc2 Re3 46. Nc6 Rxe4 47. Nxe5
Rxe5 48. Rc8+ Kg7 49. Rd8 Kf6 50. Kf3 Ke7 51. Ra8 Rxd5 52. h4 Kf6 53. Ra6+ Kg7
54. Ra3 h6 55. Rb3 g5 56. hxg5 hxg5 57. g4 Rd4 58. Kg3 Rf4 59. Rb5 f6 60. Rb7+
Kf8 61. Ra7 Re4 62. Rb7 Re7 63. Rb6 Kf7 64. Ra6 Re4 65. Kf3 Rf4+ 66. Kg3 Rb4 67.
Rc6 Rb3+ 68. Kg2 Ke7 69. Ra6 Rd3 70. Rb6 Rd6 71. Rb5 Ke6 72. Ra5 Rd5 73. Ra3 Ke5
74. Rf3 Rd4 75. Rf5+ Ke6 76. Kg3 Rd3+ 77. Kg2 Rd5 78. Rf3 Ke5 1/2-1/2

[Event "FIDE World Blitz 2013"]
[Site "Khanty-Mansiysk RUS"]
[Date "2013.06.10"]
[Round "25.6"]
[White "Andreikin, Dmitry"]
[Black "Safarli, Eltaj"]
[Result "1-0"]
[WhiteTitle "GM"]
[BlackTitle "GM"]
[WhiteElo "2713"]
[BlackElo "2660"]
[WhiteFideId "4158814"]
[BlackFideId "13402129"]
[EventDate "2013.06.09"]

1. e4 e5 2. Nf3 Nc6 3. Nc3 Nf6 4. d4 exd4 5. Nxd4 Bb4 6. Nxc6 bxc6 7. Bd3 d5 8.
exd5 O-O 9. O-O cxd5 10. h3 c6 11. Qf3 Bd6 12. Bf4 Rb8 13. b3 Rb4 14. Bxd6 Qxd6
15. Rfe1 Rb7 16. Na4 Re7 17. Qg3 Qxg3 18. fxg3 Rfe8 19. Rxe7 Rxe7 20. g4 h6 21.
Kf2 Kf8 22. Rd1 Re5 23. c4 Ke7 24. c5 a5 25. a3 d4 26. b4 axb4 27. axb4 Nd5 28.
Nb6 Nxb6 29. cxb6 Kd6 30. Be2 c5 31. bxc5+ Rxc5 32. Rxd4+ Kc6 33. Rb4 Kb7 34.
Bf3+ Kb8 35. b7 Bd7 36. Rb6 Rc2+ 37. Kg3 Rc7 38. Rd6 Ka7 39. Ra6+ 1-0

[Event "FIDE World Blitz 2013"]
[Site "Khanty-Mansiysk RUS"]
[Date "2013.06.10"]
[Round "25.12"]
[White "Ponkratov, Pavel"]
[Black "Grachev, Boris"]
[Result "1/2-1/2"]
[WhiteTitle "GM"]
[BlackTitle "GM"]
[WhiteElo "2605"]
[BlackElo "2683"]
[WhiteFideId "4157800"]
[BlackFideId "4129199"]
[EventDate "2013.06.09"]

1. d4 d5 2. c4 c6 3. Nc3 Nf6 4. Nf3 e6 5. Bg5 Nbd7 6. e3 Qa5 7. Nd2 dxc4 8. Bxf6
Nxf6 9. Nxc4 Qc7 10. Be2 Be7 11. O-O O-O 12. Bf3 Rd8 13. Qe2 Bd7 14. Rac1 Be8
15. Rfd1 Rac8 16. a3 c5 17. Ne5 Qb8 18. g3 h6 19. Bg2 Nd7 20. Nxd7 Rxd7 21. d5
Rcd8 22. dxe6 fxe6 23. Rxd7 Rxd7 24. Rd1 b6 25. Bh3 Rxd1+ 26. Qxd1 Qe5 27. Qd3
Kf7 28. Qa6 Qc7 29. a4 Bc6 30. Qc4 Qd6 31. e4 Bf6 32. Ne2 g5 33. Nc3 Ke7 34. Bg4
Bd7 35. Qa6 Qc7 36. Nb5 Bxb5 37. Qxb5 Qd7 38. Qb3 Qd6 39. Kg2 Bd4 40. Qc2 Qe5
41. b3 Qf6 42. h3 Qe5 43. Bf3 Qd6 44. Qe2 Be5 45. Qa6 Qc7 46. Bg4 Kf6 47. Bh5
Ke7 48. Qe2 Bf6 49. Qb5 Qd7 50. Qa6 Bd4 51. Bg4 Kd6 52. Qd3 Qf7 53. Qe2 Kc7 54.
e5 Qg7 55. Bxe6 Qxe5 56. Qxe5+ Bxe5 57. Bc4 1/2-1/2